02069 a2200181 45000010006000000050017000060080041000230030015000640400040000790800053001192450089001720200022002612640106002833000019003895051295004081000027017038560157017302456520260407155529.0260407a2010 arg spa dAR-UNSa-BCEJYS aAR-UNSa-BCEJYSbspacAR-UNSa-BCEJYS a339.5xComercio exterior. Comercio Internacional10aComercio Internacional: del GATT a la OMCpdisciplinas y solución de controversias a978-950-23-1708-3 1aBuenos Aires :bUniversidad de Buenos Aires. Facultad de Derecho. Departamento de Publicacionesc2010 a849 p.c23 cm. a1. La inserción de América Latina en la liberalización del comerco : La OMC y los acuerdos comerciales regionales - 2. Nacimieto y evolucióndel sistema GATT/OMC - 3. El acurdo sobre Agricultura - 4. Normas GATT sobre aranceles industriales e implicaciones para la Justicia Social en América Latina - 5. La defensa del mercado interno : antidumping y salvagurdias - 6. Acordo sobres subsídios e medidas compensatorias - 7. Instrumentación del acuerdo sobre los ADPIC en un contexto de asimetría científico-tecnologíca - 8. Inversiones relacionadas con el comercio en el sistema de la OMC - 9. Las negociaciones de acceso a los mercados en servicios y de reglamentación nacional en la ronda de Doha y las perspectivas de Latinoamérica - 10. El procedimiento de solución de controversias : un balance de su creación.La participación de los países de América Latina - 11. Caso del algodón, el resultado en función de las cuestiones preliminares tratadas - 12. Globalización y acceso de los medicamentos.Implicaciones de los acuerdos ADPIC de la OMC - 13. Las indicaciones geográficas y otras cuestiones vinculadas a la negación agrícola : el medio ambiente y la patentabilidad de la materia viva - 14. As negociaçóes de Alca de 1994 a 2005. 1 aCorrea, Carlos María41uhttps://biblioeco.unsa.edu.ar/pmb/images/libros/Comercio Internacional del GATT a la OMC Correa, Carlos Mar?a (2010).jpgyImagen de portadaqimage/jpeg